000 01026nmc a2200337 a 4500
003 AR-BaBNM
005 20251128210021.0
008 178119s1997 ||||||||||||||000 | spa||
020 _a84-329-9446-4
040 _cAR-BaBNM
100 1 _aSImón, Sarina
245 1 0 _a101 juegos divertidos para desarrollar la creatividad de los niños
246 1 _aCiento uno juegos divertidos para desarrollar la creatividad de los niños
250 _a1ª ed.
260 _aBarcelona
_bEdiciones Ceac
_c1997
300 0 _a169 p.
_bil.
490 0 _aEducación y enseñanza. Educación infantil
650 4 _aJUEGOS EDUCATIVOS
650 4 _aJUEGOS INFANTILES
650 4 _aCREATIVIDAD
650 4 _aDESARROLLO INTELECTUAL
650 4 _aDESARROLLO AFECTIVO
650 4 _aDESARROLLO SOCIAL
650 4 _aDESARROLLO MOTOR
650 4 _aACTIVIDADES INTEGRADAS
653 0 _aINTERACCION EDUCATIVA
700 1 _aCardeñoso, Concha
_etraductor
800 1 _aSarramona, Jaume
_edirector
942 _cBK
998 _cCarmen
999 _c13721
_d13721